00402 2200169 4500001002100000008004100021035002000062245004100082100001200123250000600135260003200141300001200173084001400185082000800199650001300207990001200220INLIS000000000000804 ind  a0010-0524000039 aStandar Kompetensi Guru SMAcKarnadi aKarnadi a1 aJakarta :bCipta Jayac2005 a249 hlm a370 KAR k a370 aNonFiksi a0740652